000
00264nam a2200145Ia 4500
100
_a
Anshuman/Karan
942
_c
BK
366
_f
25
245
_a
Kashmir Nama
260
_b
Jaico
_c
2017
082
_b
ANS
300
_a
365
546
_a
ENGLISH
999
_c
31811
_d
31811